000 00567nam a2200157Ia 4500
008 090124s9999 xx 000 0 und d
082 _b31643
245 _a आचार्य अत्रे झंझावात
250 _a0
260 _bशलाका प्रकाशन
_c1994
300 _a74
630 _a आचार्य अत्रे झंझावात
700 _aखाडिलकर नीलकंठ (संपादक नवाकाऴ)
730 _a आचार्य अत्रे झंझावात
942 _cBOOK
999 _c97739
_d97739